000 01222cam a2200361 i 4500
001 2333298
003 EG-ScBUE
005 20241017103007.0
008 821214t1983 nyuadk f b 001 0 eng d
020 _a0387908196
020 _a9780387908199
040 _aDLC
_beng
_erda
_cDLC
_dDLC
_dEG-ScBUE
082 0 4 _a515.352
_bGUC
_222
100 1 _aGuckenheimer, John,
_eauthor.
_938111
245 1 0 _aNonlinear oscillations, dynamical systems, and bifurcations of vector fields /
_cJohn Guckenheimer, Philip Holmes
264 1 _aNew York :
_bSpringer-Verlag,
_c[1983]
264 4 _cc1983
300 _axvi, 459 pages :
_bcharts, forms, tables ;
_c24 cm.
336 _2rdacontent
_atext
_btxt
337 _aunmediated
_2rdamedia
_bn
338 _avolume
_bnc
_2rdacarrier
490 0 _aApplied mathematical sciences ;
_v42
504 _aIncludes bibliographical references and index.
650 7 _aNonlinear oscillations.
_2BUEsh
650 7 _aDifferentiable dynamical systems.
_2BUEsh
650 7 _aBifurcation theory.
_2BUEsh
650 7 _aVector fields.
_2BUEsh
651 _2BUEsh
653 _bENGGEN
_cJune2015
655 _vReading book
_934232
700 1 _aHolmes, Philip,
_d1945-
_eauthor.
942 _2ddc
_cBB
999 _c19477
_d19449